<?xml version="1.0" encoding="UTF-8"?>
<collection xmlns="http://www.loc.gov/MARC21/slim">
 <record>
  <leader>00725pamaa2200205   4500</leader>
  <controlfield tag="001">0000042268</controlfield>
  <controlfield tag="005">20070711090000.0</controlfield>
  <controlfield tag="008">070711                             eng  </controlfield>
  <datafield tag="020" ind1="0" ind2="0">
   <subfield code="a">0764123653 (pbk.) </subfield>
  </datafield>
  <datafield tag="090" ind1="0" ind2="0">
   <subfield code="a">QA43 </subfield>
   <subfield code="b">LEF 2004</subfield>
  </datafield>
  <datafield tag="100" ind1="1" ind2="0">
   <subfield code="a">LEFF </subfield>
  </datafield>
  <datafield tag="245" ind1="1" ind2="0">
   <subfield code="a">Barron's math workbook for the new SAT  </subfield>
   <subfield code="c">Lawrence S. Leff.</subfield>
  </datafield>
  <datafield tag="250" ind1="0" ind2="0">
   <subfield code="a">3rd ed.</subfield>
  </datafield>
  <datafield tag="260" ind1="0" ind2="0">
   <subfield code="a">Hauppauge, N.Y.: </subfield>
   <subfield code="b">Barron's, </subfield>
   <subfield code="c">2004.</subfield>
  </datafield>
  <datafield tag="300" ind1=" " ind2=" ">
   <subfield code="a">482 p.: </subfield>
   <subfield code="b">ill.; </subfield>
   <subfield code="c">28 cm.</subfield>
  </datafield>
  <datafield tag="500" ind1="0" ind2="0">
   <subfield code="a">Rev. ed. of: Barron's math workbook for the SAT I. 2nd ed. c2000</subfield>
  </datafield>
  <datafield tag="504" ind1="0" ind2="0">
   <subfield code="a">Includes bibliographical references and index</subfield>
  </datafield>
  <datafield tag="650" ind1="0" ind2="0">
   <subfield code="a">SAT (Educational test) -- </subfield>
   <subfield code="x">Study guides </subfield>
  </datafield>
  <datafield tag="650" ind1="0" ind2="0">
   <subfield code="a">Mathematics -- </subfield>
   <subfield code="x">Examinations, questions, etc </subfield>
  </datafield>
  <datafield tag="901" ind1=" " ind2=" ">
   <subfield code="u">http://www.barronstestprep.com</subfield>
  </datafield>
 </record>
</collection>
